Statistics for Last and city name

Click here to take the quiz!

General Stats

  • This quiz has been taken 32 times
    (5 since last reset)
  • The average score is 29 of 52

Answer Stats

HintAnswer% Correct
Grover_________OhioCleveland
100%
Christopher________OhioColumbus
100%
Mike______Jr|______TexasDallas
100%
Sam_______TexasHouston
100%
Michael_______MississippiJackson
100%
Abraham_______Nebraska and IllinoisLincoln
100%
Tony_______Florida and SowetoOrlando
100%
River_______ArizonaPhoenix
100%
Janet____NevadaReno
100%
Mitch________VirginiaRichmond
100%
George__________D.C.Washington
100%
Sam______TexasAustin
75%
Darryl______MassachusettsBoston
75%
John______ColoradoDenver
75%
Jack________JamaicaKingston
75%
Jose____PeruLima
75%
David______RussiaMoscow
75%
Juan______South DakotaPierre
75%
Tony________ChileSantiago
75%
Eric_________SpainBarcelona
50%
Miguel____EgyptCairo
50%
Charles______AustraliaDarwin
50%
George________New Zealand, Canada and BermudaHamilton
50%
Rickey_________NevadaHenderson
50%
Johnny________TennesseeKnoxville
50%
Jack______England and CanadaLondon
50%
Jose Luis Castro ________ColombiaMedellin
50%
Naomi_____ JapanOsaka
50%
Jim____ItalyRome
50%
Edwin_______ArgentinaRosario
50%
Rossana_______Puerto RicoSan Juan
50%
Kristy_________JapanYamaguchi
50%
Dan__________Alabama and EnglandBirmingham
25%
Richard_______MissouriBranson
25%
Camilo__________CubaCienfuegos
25%
Bartolo_____PanamaColon
25%
Dave__________ChileConcepcion
25%
Calvin________ArizonaCoolidge
25%
Tim______ArizonaDuncan
25%
Tate______South AfricaGeorge
25%
Carlos__________MexicoHermosillo
25%
Ines_______ArgentinaMendoza
25%
Juan____ArizonaMeza
25%
Dave______ArizonaParker
25%
Carlos_____Puerto RicoPonce
25%
Jenny______UruguayRivera
25%
Carlos_______De Gortari|_______Puerto Rico and CaliforniaSalinas
25%
Gary_________EnglandSheffield
25%
Darryl_________ArizonaStrawberry
25%
Felix________BoliviaTrinidad
25%
Henry__________ArizonaWickenburg
25%
Ted_______ArizonaWilliams
25%

Score Distribution

Percentile by Number Answered

Percent of People with Each Score

Your Score History

You have not taken this quiz since the last reset